00486pab a2200157 454500008004000000100002000040245010900060260000900169300001300178362001200191650002200203650002400225650001600249700001900265773004400284180718b2005 xxu||||| |||| 00| 0 eng d aJohnson, P.N.T. aArrangements for SPS measures and awareness of food safety issues among producers and consumers in Ghana c2005 ap.83-96. aJul-Dec aConsumers - Ghana aFood supply - Ghana aFood supply aKwadzo, G.T.M. aAfro-Asian Journal of Rural Development